[Event "Budapest Art Pub Cup 4th"]
[Site "Budapest"]
[Date "2014.04.20"]
[Round "6"]
[White "Szabo, Balazs"]
[Black "Lakat, Gyula"]
[Result "0-1"]
[WhiteElo "1223"]
[BlackElo "1811"]
[PlyCount "50"]
[EventDate "2014.04.16"]
[EventType "swiss"]
[EventRounds "7"]
[EventCountry "HUN"]
[SourceTitle "EXT 2015"]
[Source "ChessBase"]
[SourceDate "2014.11.20"]
[SourceVersion "1"]
[SourceVersionDate "2014.11.20"]
[SourceQuality "1"]

1. d4 Nf6 2. c4 g6 3. Nc3 d5 4. cxd5 Nxd5 5. e4 Nxc3 6. bxc3 Bg7 7. Bc4 0-0 8. Ne2 c5 9. Be3 cxd4 10. cxd4 Qa5+ 11. Qd2 Qxd2+ 12. Kxd2 Nc6 13. Rad1 Rd8 14. Kc2 Na5 15. Bb5 a6 16. Bd3 Bd7 17. Nc3 Rac8 18. Kb2 Nc4+ 19. Bxc4 Rxc4 20. Rd3 e6 21. Rhd1 b5 22. f3 b4 23. Ne2 Ba4 24. R1d2 Rdc8 25. Ng3 Bc2 0-1

[Event "Budapest Art Pub Cup 4th"]
[Site "Budapest"]
[Date "2014.04.19"]
[Round "5"]
[White "Csermely, Zoltan"]
[Black "Szabo, Balazs"]
[Result "1/2-1/2"]
[WhiteElo "1658"]
[BlackElo "1223"]
[PlyCount "139"]
[EventDate "2014.04.16"]
[EventType "swiss"]
[EventRounds "7"]
[EventCountry "HUN"]
[SourceTitle "EXT 2015"]
[Source "ChessBase"]
[SourceDate "2014.11.20"]
[SourceVersion "1"]
[SourceVersionDate "2014.11.20"]
[SourceQuality "1"]

1. Nf3 Nf6 2. c4 c5 3. g3 g6 4. e3 Bg7 5. d4 cxd4 6. exd4 0-0 7. Nc3 Qb6 8. Na4 Qc6 9. d5 Qd6 10. a3 e6 11. Bf4 Qe7 12. d6 Qd8 13. Bg2 Nh5 14. Be3 Nc6 15. 0-0 b6 16. b4 Bxa1 17. Qxa1 Rb8 18. g4 Ng7 19. Bh6 f6 20. b5 Na5 21. Nd2 Bb7 22. f3 Rc8 23. Qa2 Rf7 24. Nc3 Qf8 25. Rd1 f5 26. Bxg7 Qxg7 27. Qa1 Qd4+ 28. Kh1 fxg4 29. Nde4 Qe5 30. fxg4 Bxe4 31. Bxe4 Rf2 32. Bg2 Rc2 33. Ne4 Qxa1 34. Rxa1 R8xc4 35. Nf6+ Kg7 36. Rf1 Rc1 37. Nxd7 Rxf1+ 38. Bxf1 Rd4 39. g5 Rxd6 40. Nf6 Rd2 41. Bh3 e5 42. Be6 h6 43. h4 hxg5 44. hxg5 Kf8 45. Kg1 e4 46. Nxe4 Re2 47. Bd5 Nc4 48. Ng3 Rc2 49. Be4 Rc3 50. Kf2 Nxa3 51. Bxg6 Nxb5 52. Ne2 Rb3 53. Nc1 Rh3 54. Bd3 Nd6 55. Kg2 Rh5 56. g6 Kg7 57. Ne2 a5 58. Nf4 Rg5+ 59. Kf3 Re5 60. Kg4 a4 61. Nh5+ Rxh5 62. Kxh5 a3 63. Bb1 b5 64. Kg4 b4 65. Ba2 Kxg6 66. Kf4 Kf6 67. Ke3 Ke5 68. Kd3 Nb5 69. Kc4 Nc3 70. Kxb4 1/2-1/2

[Event "Budapest Art Pub Cup 4th"]
[Site "Budapest"]
[Date "2014.04.19"]
[Round "4"]
[White "Szabo, Balazs"]
[Black "Katona, Gergo"]
[Result "0-1"]
[WhiteElo "1223"]
[BlackElo "1625"]
[PlyCount "58"]
[EventDate "2014.04.16"]
[EventType "swiss"]
[EventRounds "7"]
[EventCountry "HUN"]
[SourceTitle "EXT 2015"]
[Source "ChessBase"]
[SourceDate "2014.11.20"]
[SourceVersion "1"]
[SourceVersionDate "2014.11.20"]
[SourceQuality "1"]

1. d4 d5 2. c4 e6 3. Nc3 f5 4. e3 Nf6 5. Nf3 Be7 6. Bd3 c6 7. 0-0 Na6 8. cxd5 exd5 9. Qc2 Nb4 10. Qd2 Ne4 11. Bxe4 fxe4 12. Ne1 0-0 13. Nc2 Qe8 14. Nxb4 Bxb4 15. a3 Bd6 16. Qe2 Qg6 17. f3 exf3 18. Rxf3 Rxf3 19. Qxf3 Bg4 20. Qf2 Rf8 21. Qh4 h6 22. h3 Bf3 23. Qf2 Bg3 24. Qf1 Be4 25. Qe2 Bd3 26. Qd1 Rf1+ 27. Qxf1 Bxf1 28. Kxf1 Qc2 29. Ne2 Qd1# 0-1

[Event "HUN-chT2 Maroczy 1314"]
[Site "Hungary"]
[Date "2014.03.02"]
[Round "8"]
[White "Szabo, Balazs"]
[Black "Tatar Kis, Szabolcs"]
[Result "0-1"]
[WhiteElo "2315"]
[BlackElo "2381"]
[PlyCount "82"]
[EventDate "2013.09.08"]
[EventType "team-tourn"]
[EventRounds "11"]
[EventCountry "HUN"]
[SourceTitle "EXT 2016"]
[Source "ChessBase"]
[SourceDate "2015.10.08"]
[SourceVersion "1"]
[SourceVersionDate "2015.10.08"]
[SourceQuality "1"]
[WhiteTeam "Hajduboszormeny"]
[BlackTeam "Penzugyor II"]
[WhiteTeamCountry "HUN"]
[BlackTeamCountry "HUN"]

1. d4 Nf6 2. c4 g6 3. Nc3 Bg7 4. e4 0-0 5. Be2 d6 6. Bg5 Na6 7. Qd2 e5 8. d5 Nc5 9. f3 a5 10. g4 c6 11. h4 cxd5 12. cxd5 Bd7 13. Nh3 b5 14. Nf2 Qb6 15. h5 Rfe8 16. Kf1 Rac8 17. Ncd1 Rc7 18. Kg2 Rec8 19. Ne3 Na4 20. h6 Bh8 21. Rhc1 Qd4 22. Ned1 Qxd2 23. Bxd2 Rc2 24. Bc3 Rxe2 25. Kf1 Nxc3 26. bxc3 Rxf2+ 27. Nxf2 Ne8 28. a4 bxa4 29. c4 Bf6 30. Nd3 Bg5 31. Rc2 Bxh6 32. Rb1 Be3 33. Ke2 Bd4 34. g5 Kf8 35. f4 exf4 36. Kf3 a3 37. Rb7 Ba4 38. Ra2 Rxc4 39. Rxa3 Bc2 40. Kxf4 a4 41. Kf3 Bd1+ 0-1

[Event "Budapest Art Pub Cup 3rd"]
[Site "Budapest"]
[Date "2014.01.05"]
[Round "6"]
[White "Szabo, Balazs"]
[Black "Kiss, Gergo"]
[Result "1/2-1/2"]
[WhiteElo "1210"]
[BlackElo "1870"]
[PlyCount "67"]
[EventDate "2014.01.02"]
[EventType "swiss"]
[EventRounds "7"]
[EventCountry "HUN"]
[SourceTitle "CBM 158 Extra"]
[Source "ChessBase"]
[SourceDate "2014.02.28"]
[SourceVersion "1"]
[SourceVersionDate "2014.02.28"]
[SourceQuality "1"]

1. d4 d5 2. c4 e6 3. Nc3 c6 4. Nf3 Nf6 5. Bg5 Be7 6. e3 0-0 7. Bd3 Qc7 8. 0-0 Nbd7 9. Qc2 h6 10. Bf4 Bd6 11. Bxd6 Qxd6 12. c5 Qc7 13. b4 e5 14. dxe5 Nxe5 15. Nxe5 Qxe5 16. Rfe1 b6 17. Na4 b5 18. f4 Qh5 19. Nb2 a5 20. bxa5 Rxa5 21. Qc3 Ra6 22. Qc2 Be6 23. f5 Bd7 24. Rf1 Rfa8 25. Nd1 Re8 26. Re1 Ne4 27. Bxe4 Rxe4 28. Nc3 Bxf5 29. Nxe4 Bxe4 30. Qf2 Ra3 31. Qb2 Qg4 32. h3 Qg3 33. Qf2 Qxf2+ 34. Kxf2 1/2-1/2

[Event "Budapest Art Pub Cup 3rd"]
[Site "Budapest"]
[Date "2014.01.04"]
[Round "5"]
[White "Papp, Andrea"]
[Black "Szabo, Balazs"]
[Result "1-0"]
[WhiteElo "1571"]
[BlackElo "1210"]
[PlyCount "63"]
[EventDate "2014.01.02"]
[EventType "swiss"]
[EventRounds "7"]
[EventCountry "HUN"]
[SourceTitle "CBM 158 Extra"]
[Source "ChessBase"]
[SourceDate "2014.02.28"]
[SourceVersion "1"]
[SourceVersionDate "2014.02.28"]
[SourceQuality "1"]

1. e4 e6 2. Nf3 d5 3. exd5 exd5 4. d4 Nf6 5. h3 Be7 6. Be2 0-0 7. Be3 Bf5 8. 0-0 Nbd7 9. Nbd2 Re8 10. c4 c6 11. g4 Be6 12. Ng5 Bd6 13. Nxe6 Rxe6 14. Qb3 Qb8 15. g5 Ne8 16. cxd5 cxd5 17. Qxd5 Nb6 18. Qf5 Bh2+ 19. Kh1 Nd6 20. Qg4 Ne8 21. Rac1 Nd5 22. Qf3 Nb6 23. Rc3 f6 24. Qf5 Re7 25. Bg4 Bc7 26. Rg1 Nd6 27. Qf3 Qf8 28. gxf6 gxf6 29. Be6+ Kh8 30. Rg8+ Qxg8 31. Bxg8 Kxg8 32. Qxf6 1-0

[Event "HUN-chT2 Maroczy 1314"]
[Site "Hungary"]
[Date "2013.09.08"]
[Round "1"]
[White "Szabo, Balazs"]
[Black "Bogdan, Dan"]
[Result "1/2-1/2"]
[WhiteElo "2315"]
[BlackElo "2371"]
[PlyCount "22"]
[EventDate "2013.09.08"]
[EventType "team-tourn"]
[EventRounds "11"]
[EventCountry "HUN"]
[SourceTitle "EXT 2016"]
[Source "ChessBase"]
[SourceDate "2015.10.08"]
[SourceVersion "1"]
[SourceVersionDate "2015.10.08"]
[SourceQuality "1"]
[WhiteTeam "Hajduboszormeny"]
[BlackTeam "Kisujszallas"]
[WhiteTeamCountry "HUN"]
[BlackTeamCountry "HUN"]

1. Nf3 g6 2. e4 Bg7 3. d4 d6 4. c3 Nf6 5. Bd3 0-0 6. 0-0 c5 7. h3 Qc7 8. Re1 e5 9. Na3 Nh5 10. Nb5 Qe7 11. a4 Nc6 1/2-1/2

[Event "HUN-chT2 Maroczy 1314"]
[Site "Hungary"]
[Date "2013.08.22"]
[Round "2"]
[White "Szabo, Balazs"]
[Black "Szalanczy, Emil"]
[Result "1/2-1/2"]
[WhiteElo "2315"]
[BlackElo "2261"]
[PlyCount "83"]
[EventDate "2013.09.08"]
[EventType "team-tourn"]
[EventRounds "11"]
[EventCountry "HUN"]
[SourceTitle "EXT 2016"]
[Source "ChessBase"]
[SourceDate "2015.10.08"]
[SourceVersion "1"]
[SourceVersionDate "2015.10.08"]
[SourceQuality "1"]
[WhiteTeam "Hajduboszormeny"]
[BlackTeam "Szigetszentmiklos"]
[WhiteTeamCountry "HUN"]
[BlackTeamCountry "HUN"]

1. e4 c5 2. c3 d6 3. d4 Nf6 4. Bd3 g6 5. Nf3 Bg7 6. dxc5 dxc5 7. e5 Ng4 8. Bb5+ Bd7 9. e6 fxe6 10. Qe2 Bxb5 11. Qxb5+ Qd7 12. Na3 0-0 13. Qe2 Nc6 14. 0-0 Nce5 15. Nxe5 Nxe5 16. Be3 Qd3 17. Rfe1 b6 18. Rad1 Qxe2 19. Rxe2 Rad8 20. Rf1 Rd5 21. h3 Rfd8 22. Bf4 Nd3 23. Bg3 e5 24. Nb5 R5d7 25. a4 Bf6 26. Na3 Nf4 27. Re4 Rd1 28. Bxf4 exf4 29. Nc4 g5 30. Ree1 Rxe1 31. Rxe1 Kf7 32. Kf1 h5 33. f3 Rd5 34. Ke2 e6 35. Ra1 Ke7 36. Ra3 Kd7 37. a5 Bd8 38. axb6 axb6 39. Ra7+ Kc6 40. Rg7 b5 41. Nd2 c4 42. Rg6 1/2-1/2